Virtual prototyping of innovative construction operations (Record no. 106547)

MARC details
000 -LEADER
fixed length control field 01027cam a2200253 4500
001 - CONTROL NUMBER
control field L136915
008 - FIXED-LENGTH DATA ELEMENTS--GENERAL INFORMATION
fixed length control field 070302n2005 000 0 eng u
020 ## - INTERNATIONAL STANDARD BOOK NUMBER
International Standard Book Number 1741071011
035 ## - SYSTEM CONTROL NUMBER
System control number (Sirsi) u136915
041 0# - LANGUAGE CODE
Language code of text/sound track or separate title eng
100 1# - MAIN ENTRY--PERSONAL NAME
Personal name Li, Heng
245 00 - TITLE STATEMENT
Title Virtual prototyping of innovative construction operations
Medium [electronic resource]
260 ## - PUBLICATION, DISTRIBUTION, ETC.
Place of publication, distribution, etc. Brisbane
-- ueensland University of Technology
Date of publication, distribution, etc. 2005
490 #0 - SERIES STATEMENT
Series statement COBRA
Volume/sequential designation 2005
520 ## - SUMMARY, ETC.
Summary, etc. Discusses how virtual prototyping technology can help construction planners evaluate and validate their planning by simulating construction products, processes and resources in a virtual environment.
651 #4 - SUBJECT ADDED ENTRY--GEOGRAPHIC NAME
Geographic name International
690 ## - LOCAL SUBJECT ADDED ENTRY--TOPICAL TERM (OCLC, RLIN)
Topical term or geographic name as entry element BUILT ENVIRONMENT-CONSTRUCTION MANAGEMENT-CONSTRUCTION PLANNING
700 1# - ADDED ENTRY--PERSONAL NAME
Personal name Kong, Stephen
700 1# - ADDED ENTRY--PERSONAL NAME
Personal name Shen, Qiping
700 1# - ADDED ENTRY--PERSONAL NAME
Personal name Ma, Zhiliang
700 1# - ADDED ENTRY--PERSONAL NAME
Personal name Baldwin, Andrew N.
856 40 - ELECTRONIC LOCATION AND ACCESS
Uniform Resource Identifier <a href="https://www.rics.org/site/scripts/download_info.aspx?downloadID=2606">https://www.rics.org/site/scripts/download_info.aspx?downloadID=2606</a>
Public note View the item free of charge at www.rics.org...
942 ## - ADDED ENTRY ELEMENTS (KOHA)
Suppress in OPAC 0
Holdings
Withdrawn status Lost status Source of classification or shelving scheme Damaged status Not for loan Home library Current library Shelving location Date acquired Total Checkouts Full call number Barcode Date last seen Copy number Price effective from Koha item type
    Dewey Decimal Classification     Virtual Virtual Online 02/03/2007   ONLINE PUBLICATION 136915-1001 06/08/2019 1 06/08/2019 Book